ՀՀ Գիտությունների ազգային ակադեմիայի հիմնարար գիտական գրադարան  =   Fundamental Scientific Library of NAS RA

Экологическая оптимизация агроландшафта / (Record no. 73000)

MARC details
000 -LEADER
fixed length control field 01674nam a22003137a 4500
001 - CONTROL NUMBER
control field 000209496
003 - CONTROL NUMBER IDENTIFIER
control field AM-YeHGA
005 - DATE AND TIME OF LATEST TRANSACTION
control field 20250617124123.0
008 - FIXED-LENGTH DATA ELEMENTS--GENERAL INFORMATION
fixed length control field 950417s1987 ru |||||||||||||||||rus d
040 ## - CATALOGING SOURCE
Original cataloging agency AM-YeHGA
041 0# - LANGUAGE CODE
Language code of text/sound track or separate title rus
090 ## - LOCALLY ASSIGNED LC-TYPE CALL NUMBER (OCLC); LOCAL CALL NUMBER (RLIN)
-- 74218
245 00 - TITLE STATEMENT
Title Экологическая оптимизация агроландшафта /
Statement of responsibility, etc. [В. Контримавичюс, Г. Паулюкявичюс, Р. Пакальнис и др. ; Редкол.: В.Е. Соколов (отв. ред.) и др.]; АН СССР, Секция хим.-технол. и биол. наук и др.
246 35 - VARYING FORM OF TITLE
Title proper/short title Ecological optimization of the agrolandscape
260 ## - PUBLICATION, DISTRIBUTION, ETC.
Place of publication, distribution, etc. Москва :
Name of publisher, distributor, etc. Наука,
Date of publication, distribution, etc. 1987.
300 ## - PHYSICAL DESCRIPTION
Extent 239,[1] с. ;
Dimensions 22 см.
500 ## - GENERAL NOTE
General note Загл. на доп.тит.л.: Ecological optimization of the agrolandscape.
500 ## - GENERAL NOTE
General note Авт. указаны в содерж.
500 ## - GENERAL NOTE
General note Рез.: англ.
500 ## - GENERAL NOTE
General note В надзаг. также: АН ЛитССР, Сов. ком. по прогр. ЮНЕСКО "Человек и биосфера"
504 ## - BIBLIOGRAPHY, ETC. NOTE
Bibliography, etc. note Библиогр. в конце глав
650 14 - SUBJECT ADDED ENTRY--TOPICAL TERM
Topical term or geographic name entry element Географические ландшафты - Значение антропического фактора
650 14 - SUBJECT ADDED ENTRY--TOPICAL TERM
Topical term or geographic name entry element Сельскохозяйственная экология
700 1# - ADDED ENTRY--PERSONAL NAME
Personal name Паулюкявичюс, Г.
700 1# - ADDED ENTRY--PERSONAL NAME
Personal name Пакальнис, Р.
700 1# - ADDED ENTRY--PERSONAL NAME
Personal name Соколов, Владимир Евгеньевич
Relator term ред.
Relationship edt
710 2# - ADDED ENTRY--CORPORATE NAME
Corporate name or jurisdiction name as entry element Академия наук СССР.
Subordinate unit Секция химико-технологических и биологических наук
942 ## - ADDED ENTRY ELEMENTS (KOHA)
Source of classification or shelving scheme Universal Decimal Classification
Koha item type Գրքեր / Books
Holdings
Withdrawn status Lost status Damaged status Not for loan Collection Home library Current library Date acquired Total checkouts Full call number Barcode Date last seen Price effective from Koha item type Public note
        General Fundamental Scientific Library Fundamental Scientific Library 22/12/2016   631.95 120621182 22/12/2016 22/12/2016 Գրքեր / Books 30 Days Loan
        General Fundamental Scientific Library Fundamental Scientific Library 22/12/2016   PII/579664 FL0092395 22/12/2016 22/12/2016 Գրքեր / Books 30 Days Loan
        General Fundamental Scientific Library Fundamental Scientific Library 22/12/2016   PII/583284 FL0083935 22/12/2016 22/12/2016 Գրքեր / Books 30 Days Loan


ՀՀ ԳԱԱ հիմնարար գիտական գրադարան
ՀՀ,Երևան 0019
Մարշալ Բաղրամյան 24/6
հեռախոս:(374-10) 52-47-50
Հետադարձ կապ

All site content, except where otherwise noted, is licensed under a
Creative Commons License